Víchor na kapitálovom trhu
Od novembra platí nový zákon o burze cenných papierov, ktorý svojím obsahom predstavuje vážny zásah do doterajšieho spôsobu organizovania trhu cenných papierov. Ukončuje organizovanie otvoreného trhu a prikazuje obchodovanie výhradne prostredníctvom členov burzy.
Salvato in:
| Autore principale: | |
|---|---|
| Natura: | Capitolo di libro |
| Lingua: | slovacco |
| Soggetti: | |
| Tags: |
Nessun Tag, puoi essere il primo ad aggiungerne!!
|
MARC
| LEADER | 00000naa a2200000 4500 | ||
|---|---|---|---|
| 001 | r039904 | ||
| 005 | 20230920071755.4 | ||
| 041 | 0 | |a slo | |
| 044 | |a SK | ||
| 245 | 1 | 0 | |a Víchor na kapitálovom trhu |c Želmíra Václavová |
| 520 | |a Od novembra platí nový zákon o burze cenných papierov, ktorý svojím obsahom predstavuje vážny zásah do doterajšieho spôsobu organizovania trhu cenných papierov. Ukončuje organizovanie otvoreného trhu a prikazuje obchodovanie výhradne prostredníctvom členov burzy. | ||
| 610 | 2 | 0 | |a papiere cenné |
| 610 | 2 | 0 | |a burzy |
| 610 | 2 | 0 | |a trh finančný |
| 610 | 2 | 0 | |a legislatíva |
| 610 | 2 | 0 | |a Slovensko |
| 100 | 1 | |a Václavová, Želmíra | |